[Event "Bunratty Masters 2015"]
[Site "Bunratty IRL"]
[Date "2015.02.21"]
[Round "4.5"]
[White "Bates, Richard A"]
[Black "Hebden, Mark L"]
[Result "1-0"]
[WhiteTitle "IM"]
[BlackTitle "GM"]
[WhiteElo "2342"]
[BlackElo "2491"]
[WhiteFideId "403555"]
[BlackFideId "400084"]
[EventDate "2015.02.20"]

1. d4 Nf6 2. Nf3 g6 3. g3 Bg7 4. Bg2 O-O 5. O-O d6 6. c4 Nbd7 7. Nc3 e5 8. e4 c6
9. Rb1 Qb6 10. dxe5 dxe5 11. Be3 Qd8 12. Nd2 h5 13. h3 Kh7 14. c5 Bh6 15. Bxh6
Kxh6 16. b4 a5 17. a3 axb4 18. axb4 h4 19. Nc4 Qe7 20. g4 Kg7 21. Qd2 Nh7 22.
Nd6 Ndf6 23. f4 exf4 24. Qxf4 Nd7 25. Ne2 Ne5 26. Nd4 Ng5 27. Ra1 Rxa1 28. Rxa1
f6 29. Ra8 Qd7 30. Qf2 Ngf7 31. Rxc8 Rxc8 32. Nxc8 Qxc8 33. Qxh4 Qd7 34. Qf2 Ng5
35. Kh1 Nd3 36. Qe3 Ne5 37. Qf2 Ngf7 38. Bf1 Nd8 39. Be2 Ne6 40. Nxe6+ Qxe6 41.
Qd4 g5 42. Kg2 Kf7 43. Qd8 Qa2 44. Kf2 Qb3 45. Qc7+ Kg6 46. Qc8 Qf7 47. Qh8 Qe6
48. h4 gxh4 49. g5 Kxg5 50. Qh5+ Kf4 51. Qh6+ Kxe4 52. Qe3+ 1-0

[Event "Bunratty Masters 2015"]
[Site "Bunratty IRL"]
[Date "2015.02.21"]
[Round "4.6"]
[White "Lalic, Bogdan"]
[Black "Walton, Alan J"]
[Result "1-0"]
[WhiteTitle "GM"]
[BlackTitle "CM"]
[WhiteElo "2483"]
[BlackElo "2130"]
[WhiteFideId "409081"]
[BlackFideId "409898"]
[EventDate "2015.02.20"]

1. d4 d5 2. c4 c6 3. Nc3 Nf6 4. e3 e6 5. Nf3 Nbd7 6. Bd3 dxc4 7. Bxc4 b5 8. Bd3
Bb7 9. e4 b4 10. Na4 c5 11. e5 Nd5 12. O-O Be7 13. Nxc5 Nxc5 14. dxc5 Bxc5 15.
Ng5 Ne7 16. Bb5+ Kf8 17. Qxd8+ Rxd8 18. Be3 Bxe3 19. fxe3 Nf5 20. e4 h6 21. exf5
hxg5 22. fxe6 Bd5 23. Rxf7+ Kg8 24. Rd1 1-0

[Event "Bunratty Masters 2015"]
[Site "Bunratty IRL"]
[Date "2015.02.21"]
[Round "4.7"]
[White "Short, Philip M"]
[Black "L'Ami, Alina"]
[Result "0-1"]
[WhiteTitle "FM"]
[BlackTitle "IM"]
[WhiteElo "2294"]
[BlackElo "2392"]
[WhiteFideId "2500086"]
[BlackFideId "1210246"]
[EventDate "2015.02.20"]

1. d4 Nf6 2. c4 g6 3. Nc3 Bg7 4. e4 d6 5. Nf3 O-O 6. Be2 e5 7. O-O Nc6 8. d5 Ne7
9. Bd2 Nh5 10. Rc1 Nf4 11. Bxf4 exf4 12. b4 f5 13. Ng5 Bh6 14. Ne6 Bxe6 15. dxe6
fxe4 16. Nxe4 f3 17. Bxf3 Bxc1 18. Qxc1 Nc6 19. Qg5 Qxg5 20. Nxg5 Rf5 21. Nf7
Kf8 22. Re1 Ke7 23. a3 Rb8 24. Nh6 Re5 0-1

[Event "Bunratty Masters 2015"]
[Site "Bunratty IRL"]
[Date "2015.02.21"]
[Round "4.8"]
[White "Benson, Oisin P."]
[Black "Rendle, Thomas E"]
[Result "1/2-1/2"]
[BlackTitle "IM"]
[WhiteElo "2019"]
[BlackElo "2378"]
[WhiteFideId "2501821"]
[BlackFideId "408760"]
[EventDate "2015.02.20"]

1. d4 f5 2. c4 Nf6 3. Nc3 d6 4. Nf3 g6 5. g3 Bg7 6. Bg2 O-O 7. O-O Nc6 8. d5 Na5
9. Qd3 e5 10. dxe6 Bxe6 11. b3 Nc6 12. Bb2 Ne4 13. Rab1 Nxc3 14. Bxc3 Bxc3 15.
Qxc3 Qf6 16. Qxf6 Rxf6 17. Ng5 Bd7 18. Nh3 Rff8 19. Rfd1 b6 20. Nf4 Rac8 21. Nd5
Kg7 22. Rbc1 Rfe8 23. e3 Ne5 24. b4 Be6 25. c5 dxc5 26. bxc5 c6 27. Nf4 Bxa2 28.
Ra1 Bf7 29. Rxa7 bxc5 30. Rd6 Kf8 31. Nd3 Nxd3 32. Rxd3 Red8 33. Rxd8+ Rxd8 34.
Bxc6 Kg7 35. Rc7 Rd1+ 36. Kg2 Kf6 37. Kf3 Rd2 38. h3 c4 39. g4 h6 40. Kg3 Be6
41. Bb5 Rc2 42. Rc5 c3 43. Bd3 Rc1 44. gxf5 gxf5 1/2-1/2

[Event "Bunratty Masters 2015"]
[Site "Bunratty IRL"]
[Date "2015.02.21"]
[Round "4.9"]
[White "Heidenfeld, Mark"]
[Black "Cafolla, Peter"]
[Result "1-0"]
[WhiteTitle "IM"]
[WhiteElo "2376"]
[BlackElo "2060"]
[WhiteFideId "2500990"]
[BlackFideId "2500884"]
[EventDate "2015.02.20"]

1. e4 c5 2. Nf3 Nc6 3. Bb5 e6 4. O-O Nge7 5. Re1 a6 6. Bf1 b5 7. c3 d5 8. exd5
Nxd5 9. d4 cxd4 10. Nxd4 Nxd4 11. Qxd4 Bb7 12. Nd2 Qf6 13. Qxf6 Nxf6 14. Nb3 Be7
15. Na5 Bd5 16. a4 bxa4 17. Rxa4 Bd8 18. c4 Bxa5 19. Rxa5 Bb7 20. f3 O-O 21. Bd2
Rfc8 22. Rea1 Nd7 23. b4 f6 24. c5 Kf7 25. Bxa6 Bxa6 26. Rxa6 Rxa6 27. Rxa6 Rc7
28. Ra8 Nxc5 29. bxc5 Rxc5 30. Ra7+ Kg6 31. Bb4 Rc8 32. Kf2 h5 33. h4 e5 34. Ke3
Rd8 35. Rc7 Rb8 36. Bc5 Rd8 37. Ke4 Re8 38. Bd6 Ra8 39. Kd5 Re8 40. Rb7 Ra8 41.
Ke6 Re8+ 42. Re7 Ra8 43. Rd7 Re8+ 44. Be7 Ra8 45. g3 Rc8 46. f4 exf4 47. gxf4
Ra8 48. f5+ Kh6 49. Kf7 Kh7 50. Bf8 Ra5 51. Bxg7 Rxf5 52. Rd8 1-0

[Event "Bunratty Masters 2015"]
[Site "Bunratty IRL"]
[Date "2015.02.21"]
[Round "4.10"]
[White "Pein, Malcolm"]
[Black "Moran, Stephen"]
[Result "1-0"]
[WhiteTitle "IM"]
[WhiteElo "2344"]
[BlackElo "2062"]
[WhiteFideId "400289"]
[BlackFideId "2501872"]
[EventDate "2015.02.20"]

1. d4 Nf6 2. c4 g6 3. Nc3 d5 4. cxd5 Nxd5 5. Bd2 Bg7 6. e4 Nb6 7. Be3 O-O 8. h3
Nc6 9. Nf3 f5 10. exf5 Bxf5 11. Be2 e5 12. dxe5 Qxd1+ 13. Bxd1 Nxe5 14. Bb3+ Kh8
15. Nxe5 Bxe5 16. O-O-O Rae8 17. Rhe1 Be6 18. Bxe6 Rxe6 19. Bd4 Nd7 20. Re4 Bxd4
21. Rxe6 Nc5 22. Re7 Bxf2 23. Rxc7 b5 24. Nxb5 Be3+ 25. Kb1 1-0

[Event "Bunratty Masters 2015"]
[Site "Bunratty IRL"]
[Date "2015.02.21"]
[Round "4,11"]
[White "Van Der Zwet, Bart"]
[Black "Smith, Andrew Philip"]
[Result "0-1"]
[BlackTitle "FM"]
[WhiteElo "2118"]
[BlackElo "2150"]
[WhiteFideId "1004204"]
[BlackFideId "2500833"]
[EventDate "2015.02.20"]

1. d4 d6 2. e4 Nd7 3. Be3 e5 4. Nf3 Qf6 5. Nc3 c6 6. Qd2 h6 7. Be2 a6 8. a4 Ne7
9. O-O g5 10. Rfd1 Ng6 11. b4 Nf4 12. Bf1 Be7 13. b5 exd4 14. Nxd4 Ne5 15. bxc6
bxc6 16. a5 O-O 17. f3 Be6 18. Na4 c5 19. Nxe6 fxe6 20. Nb6 Ra7 21. Nc4 Rd8 22.
Nxe5 Qxe5 23. c4 Rb7 24. Rab1 Rdb8 25. Qc2 Rb2 26. Rxb2 Rxb2 27. Qa4 Kf7 28. Bc1
Nh3+ 29. Kh1 Nf2+ 30. Kg1 Nxd1 31. Qxd1 Rb1 32. f4 Qa1 33. Qh5+ Kg7 34. Qe8 Qd4+
35. Kh1 Qf6 36. fxg5 Qxf1# 0-1

[Event "Bunratty Masters 2015"]
[Site "Bunratty IRL"]
[Date "2015.02.21"]
[Round "4.12"]
[White "Allen, Keith"]
[Black "Fehr, Jukka"]
[Result "1-0"]
[WhiteElo "2210"]
[BlackElo "1973"]
[WhiteFideId "2501147"]
[BlackFideId "4674693"]
[EventDate "2015.02.20"]

1. d4 d5 2. c4 Nc6 3. Nc3 dxc4 4. Nf3 Nf6 5. Bg5 Bg4 6. d5 Bxf3 7. exf3 Ne5 8.
Qd4 Nd3+ 9. Bxd3 cxd3 10. O-O-O h6 11. Bxf6 gxf6 12. Rxd3 Bg7 13. Re1 O-O 14. f4
Qd7 15. Qe4 Rae8 16. f5 Qc8 17. Rde3 e6 18. dxe6 fxe6 19. Qc4 Kh8 20. fxe6 f5
21. Nd5 b5 22. Qc5 f4 23. Re4 Rf5 24. Qc6 f3 25. g4 Rg5 26. e7 Kh7 27. Kb1 Rg6
28. Qc2 Qd7 29. Re6 1-0

[Event "Bunratty Masters 2015"]
[Site "Bunratty IRL"]
[Date "2015.02.21"]
[Round "4.13"]
[White "Tunka, Philipp"]
[Black "Chevannes, Sabrina L"]
[Result "1-0"]
[BlackTitle "WIM"]
[WhiteElo "2010"]
[BlackElo "2171"]
[WhiteFideId "4638867"]
[BlackFideId "411280"]
[EventDate "2015.02.20"]

1. d4 d5 2. c4 e6 3. e3 Nf6 4. Nf3 c6 5. Bd3 Nbd7 6. O-O Bd6 7. b3 O-O 8. Bb2 c5
9. Nbd2 Qe7 10. Ne5 cxd4 11. exd4 b6 12. cxd5 Nxd5 13. Ne4 Bxe5 14. dxe5 Nf4 15.
Bb1 Ba6 16. Re1 Rfd8 17. Qf3 Ng6 18. Qg3 Bb7 19. Nd6 Bd5 20. f4 Qh4 21. Bxg6
Qxg3 22. Bxf7+ Kf8 23. hxg3 g6 24. f5 gxf5 25. Bh5 Nc5 26. Bf3 1-0

[Event "Bunratty Masters 2015"]
[Site "Bunratty IRL"]
[Date "2015.02.21"]
[Round "4.14"]
[White "Hayes, Peter J."]
[Black "Larisch, Rolf"]
[Result "1-0"]
[WhiteElo "2099"]
[BlackElo "2155"]
[WhiteFideId "2502569"]
[BlackFideId "12976350"]
[EventDate "2015.02.20"]

1. d4 d5 2. c4 c6 3. Nf3 Nf6 4. e3 Bf5 5. Nc3 e6 6. Nh4 Be4 7. f3 Bg6 8. g3 Nbd7
9. Bd2 Qb6 10. c5 Qc7 11. Nxg6 hxg6 12. f4 Be7 13. Bd3 b5 14. b4 a5 15. bxa5
Rxa5 16. a4 bxa4 17. Nxa4 Ra7 18. O-O O-O 19. Rb1 Rb8 20. Qc2 Bd8 21. Rxb8 Qxb8
22. Rb1 Rb7 23. Rb2 Kf8 24. Kg2 Bc7 25. h3 Rxb2 26. Qxb2 Qxb2 27. Nxb2 Nb8 28.
Kf3 Ke7 29. Nd1 Nfd7 30. Nf2 f5 31. Be1 Kf6 32. Nh1 Kf7 33. Nf2 Nf6 34. g4 Ne4
35. Nd1 Bd8 36. h4 Nf6 37. Nf2 Ke8 38. g5 Nfd7 39. Ke2 Bc7 40. Kd1 Kd8 41. Kc2
Kc8 42. Kb3 Kb7 43. Be2 Nf8 44. Nh1 Nbd7 45. Ng3 Nb8 46. Ka4 Nbd7 47. Ba5 Bxa5
48. Kxa5 Nb8 49. h5 gxh5 50. Nxh5 g6 1-0

[Event "Bunratty Masters 2015"]
[Site "Bunratty IRL"]
[Date "2015.02.21"]
[Round "4.15"]
[White "Bourached, Anthony"]
[Black "O'Connor, Jonathan"]
[Result "1-0"]
[WhiteElo "1963"]
[BlackElo "2147"]
[WhiteFideId "2504456"]
[BlackFideId "2501112"]
[EventDate "2015.02.20"]

1. d4 Nf6 2. c4 g6 3. Nc3 Bg7 4. e4 d6 5. h3 O-O 6. Bg5 h6 7. Be3 e5 8. d5 a5 9.
Nf3 Na6 10. Be2 Nc5 11. Qc2 Nh7 12. Qd2 Nf6 13. Qc2 Nh7 14. g4 f5 15. gxf5 gxf5
16. exf5 Bxf5 17. Qd2 Qf6 18. O-O-O Ne4 19. Nxe4 Bxe4 20. Rhg1 Kh8 21. Rg3 Rf7
22. Rdg1 c6 23. Nh2 Bf5 24. Ng4 Bxg4 25. Rxg4 cxd5 26. Rg6 Qf5 27. Qxd5 Ng5 28.
Rxd6 Raf8 29. h4 1-0

[Event "Bunratty Masters 2015"]
[Site "Bunratty IRL"]
[Date "2015.02.21"]
[Round "4.16"]
[White "O'Donnell, Conor"]
[Black "Quinn, Rory"]
[Result "1/2-1/2"]
[WhiteElo "2190"]
[BlackElo "2121"]
[WhiteFideId "2504243"]
[BlackFideId "2501643"]
[EventDate "2015.02.20"]

1. d4 d5 2. c4 dxc4 3. e3 e5 4. Bxc4 exd4 5. exd4 Bd6 6. Nf3 Nf6 7. O-O O-O 8.
Nc3 Nc6 9. h3 h6 10. Qc2 Nb4 11. Qb1 Be6 12. Bxe6 fxe6 13. Re1 Qe8 14. a3 Nbd5
15. Ne5 a6 16. Nxd5 Nxd5 17. Qe4 Bxe5 18. dxe5 Qf7 1/2-1/2

[Event "Bunratty Masters 2015"]
[Site "Bunratty IRL"]
[Date "2015.02.21"]
[Round "4.17"]
[White "Fox, Anthony"]
[Black "Denger, Philipp"]
[Result "1/2-1/2"]
[WhiteElo "2036"]
[BlackElo "2088"]
[WhiteFideId "2500736"]
[BlackFideId "4678150"]
[EventDate "2015.02.20"]

1. e4 e6 2. Nc3 d5 3. Nf3 Nf6 4. e5 Nfd7 5. d4 Be7 6. h4 b6 7. Ne2 Ba6 8. c3 c5
9. a3 Bxe2 10. Bxe2 c4 11. h5 Nc6 12. Bf4 b5 13. Qd2 a5 14. h6 g6 15. Bg5 O-O
16. Bxe7 Qxe7 17. O-O 1/2-1/2

[Event "Bunratty Masters 2015"]
[Site "Bunratty IRL"]
[Date "2015.02.21"]
[Round "4.18"]
[White "MacElligott, Gerard"]
[Black "Doyle, Hugh"]
[Result "0-1"]
[WhiteTitle "CM"]
[WhiteElo "2080"]
[BlackElo "1924"]
[WhiteFideId "2500647"]
[BlackFideId "2500876"]
[EventDate "2015.02.20"]

1. d4 Nf6 2. c4 e6 3. Nc3 Bb4 4. Qc2 O-O 5. a3 Bxc3+ 6. Qxc3 b6 7. Bg5 Bb7 8.
Nf3 h6 9. Bh4 g5 10. Bg3 d6 11. Qc2 Ne4 12. Nd2 f5 13. e3 Qf6 14. f3 Nxg3 15.
hxg3 c5 16. dxc5 dxc5 17. O-O-O Nc6 18. Be2 Rad8 19. Nb1 Kg7 20. Nc3 Qe5 21.
Rxd8 Rxd8 22. Nd1 Qxg3 23. Bd3 Ne5 24. Bf1 Qe1 25. Qe2 Nd3+ 26. Kc2 Qg3 27. Rh3
Qe5 28. Nc3 Qf6 29. e4 Nf4 30. e5 Qg6 0-1

[Event "Bunratty Masters 2015"]
[Site "Bunratty IRL"]
[Date "2015.02.21"]
[Round "4.19"]
[White "Rawlinson, Aidan M"]
[Black "Murray, David"]
[Result "0-1"]
[WhiteElo "2182"]
[BlackElo "2162"]
[WhiteFideId "413496"]
[BlackFideId "2501511"]
[EventDate "2015.02.20"]

1. d4 Nf6 2. c4 e6 3. g3 Bb4+ 4. Bd2 a5 5. Bg2 O-O 6. e4 d5 7. e5 Nfd7 8. cxd5
Nb6 9. Nc3 exd5 10. Nge2 c6 11. O-O Bf5 12. Nf4 Nc4 13. Bc1 Nd7 14. Qh5 g6 15.
Qe2 Re8 16. g4 Be6 17. a3 Bf8 18. b3 Ncb6 19. Be3 a4 20. b4 Nc4 21. Bc1 Bg7 22.
Kh1 Nf8 23. Ra2 f6 24. exf6 Qxf6 25. Nxe6 Nxe6 26. Nxd5 cxd5 27. Bxd5 Nb6 28.
Bxb7 Nxd4 29. Qd3 Rad8 30. Bg2 Kh8 31. Qa6 Rd6 32. Rd2 Rde6 33. Bb2 Qf4 34. Qd3
Be5 0-1

[Event "Bunratty Masters 2015"]
[Site "Bunratty IRL"]
[Date "2015.02.21"]
[Round "4.20"]
[White "Thee, Bernd"]
[Black "Wolferink, Frans"]
[Result "1/2-1/2"]
[WhiteElo "1994"]
[BlackElo "2084"]
[WhiteFideId "2505630"]
[BlackFideId "1003917"]
[EventDate "2015.02.20"]

1. e4 g6 2. d4 Bg7 3. Nf3 c6 4. Nc3 d5 5. Be3 Bg4 6. Be2 dxe4 7. Nxe4 Nd7 8. h3
Bxf3 9. Bxf3 Ngf6 10. Nxf6+ Nxf6 11. Qd2 Nd5 12. Bh6 Bxh6 13. Qxh6 Qd6 14. O-O
Qf4 1/2-1/2

[Event "Bunratty Masters 2015"]
[Site "Bunratty IRL"]
[Date "2015.02.21"]
[Round "4.21"]
[White "Pahor, Milos"]
[Black "Ackley, Peter J E"]
[Result "1/2-1/2"]
[WhiteElo "2068"]
[BlackElo "2038"]
[WhiteFideId "14602962"]
[BlackFideId "414824"]
[EventDate "2015.02.20"]

1. d4 e6 2. Nf3 f5 3. Bf4 Nf6 4. e3 b6 5. Nbd2 Bb7 6. h3 Be7 7. Bd3 O-O 8. Qe2
c5 9. c3 Nc6 10. g4 Kh8 11. Rg1 d5 12. Ng5 Qd7 13. gxf5 exf5 14. Ngf3 c4 15. Bc2
b5 16. Nh4 Ne4 17. Ndf3 Qd8 18. Bxe4 Bxh4 19. Nxh4 Qxh4 20. Bf3 Qd8 21. a3 a5
22. Bh1 Bc8 23. Qh5 Be6 24. Kd2 Ra7 25. Rg5 Bf7 26. Qf3 Be6 27. Qg3 Rff7 28. Rg1
b4 29. Be5 bxc3+ 30. bxc3 f4 31. exf4 Nxe5 32. Rxe5 Rfe7 33. Rb1 Bf7 34. Qg5 h6
35. Qh4 Qe8 36. Rbe1 Rxe5 37. Rxe5 Qb5 38. Qd8+ Kh7 39. Ke3 Qb2 40. Kf3 Qxc3+
41. Re3 Qxd4 42. Kg3 a4 43. Qc8 Bg6 44. f5 Bh5 1/2-1/2

[Event "Bunratty Masters 2015"]
[Site "Bunratty IRL"]
[Date "2015.02.22"]
[Round "5.4"]
[White "Jones, Gawain C B"]
[Black "Lalic, Bogdan"]
[Result "1/2-1/2"]
[WhiteTitle "GM"]
[BlackTitle "GM"]
[WhiteElo "2670"]
[BlackElo "2483"]
[WhiteFideId "409561"]
[BlackFideId "409081"]
[EventDate "2015.02.20"]

1. c4 Nf6 2. Nc3 e6 3. e4 c5 4. f4 Nc6 5. Nf3 d6 6. g3 Be7 7. Bg2 O-O 8. d3 a6
9. O-O Rb8 10. a4 Na5 11. Bd2 Bd7 12. e5 Ne8 13. Qc2 Bc6 14. Ne4 h6 15. b3 d5
16. Nf2 b6 17. h4 Rb7 18. h5 Rd7 19. Bc3 Bb7 20. Rae1 Nc6 21. g4 Nd4 22. Bxd4
cxd4 23. Qd2 a5 24. Qe2 Bb4 25. Rd1 Bc5 26. f5 exf5 27. gxf5 Re7 28. cxd5 Nf6
29. Qd2 Nxd5 30. f6 Re6 31. Ne4 Ne3 32. Bh3 Bxe4 33. dxe4 gxf6 34. Kh1 Rxe5 35.
Nxe5 fxe5 36. Qf2 Kh8 37. Rg1 Nxd1 38. Rxd1 Qe7 39. Qd2 Qg5 40. Qxg5 hxg5 41.
Kg2 Kg7 1/2-1/2

[Event "Bunratty Masters 2015"]
[Site "Bunratty IRL"]
[Date "2015.02.22"]
[Round "5.5"]
[White "Rendle, Thomas E"]
[Black "Bates, Richard A"]
[Result "1/2-1/2"]
[WhiteTitle "IM"]
[BlackTitle "IM"]
[WhiteElo "2378"]
[BlackElo "2342"]
[WhiteFideId "408760"]
[BlackFideId "403555"]
[EventDate "2015.02.20"]

1. e4 c5 2. Nc3 Nc6 3. f4 g6 4. Nf3 Bg7 5. a3 Nh6 6. Bc4 O-O 7. O-O e6 8. d3 Nd4
9. Ba2 f5 10. Ne2 Nxf3+ 11. Rxf3 b6 12. c3 Bb7 13. Ng3 Kh8 14. Qe2 Qh4 15. Bd2
Rae8 16. Nh1 Qd8 17. Nf2 b5 18. Rh3 Qc7 19. Re1 Qc6 20. Bb3 d5 21. e5 d4 22. Qf1
dxc3 23. bxc3 Rd8 24. Bc1 a5 25. Bd1 b4 26. Bf3 Qa6 27. Be3 Bxf3 28. Rxf3 Qb5
29. axb4 axb4 30. Rb1 Rf7 31. Qd1 Bf8 32. Qb3 Qa6 33. h3 Rfd7 34. Bc1 Ra8 35.
Re3 Qa2 36. Re1 bxc3 37. Qb6 c4 38. Qxe6 Bc5 39. Bb2 Bxf2+ 40. Kxf2 Qa7+ 41. Kf1
cxb2 42. Rxb2 cxd3 43. Qf6+ Rg7 44. e6 Ng8 45. Qc3 Qa6 46. Kg1 Re8 47. Qe5 h6
48. g4 Kh7 49. Rg2 Qa7+ 50. Kh2 fxg4 51. hxg4 Rxe6 52. Qxe6 Re7 53. Qa2 Qxa2 54.
Rxe7+ Nxe7 55. Rxa2 Nd5 56. Kg3 Nc3 57. Ra7+ Kh8 58. Ra8+ Kg7 59. Ra7+ Kf8 60.
Ra8+ Ke7 61. Ra7+ Kd6 62. Ra6+ Kd5 63. f5 d2 64. Ra1 gxf5 65. gxf5 Ne2+ 66. Kh4
Nc1 67. Ra8 Nd3 68. Ra1 Nc1 69. Ra8 1/2-1/2

[Event "Bunratty Masters 2015"]
[Site "Bunratty IRL"]
[Date "2015.02.22"]
[Round "5.6"]
[White "Allen, Keith"]
[Black "Pert, Nicholas"]
[Result "0-1"]
[BlackTitle "GM"]
[WhiteElo "2210"]
[BlackElo "2565"]
[WhiteFideId "2501147"]
[BlackFideId "403989"]
[EventDate "2015.02.20"]

1. d4 d5 2. c4 c6 3. Nf3 Nf6 4. e3 Bg4 5. h3 Bh5 6. Qb3 Qb6 7. Nc3 e6 8. Nh4 Na6
9. g4 Qxb3 10. axb3 Nb4 11. Ke2 Bg6 12. Nxg6 hxg6 13. Bg2 Be7 14. Bd2 Nd7 15. e4
dxc4 16. bxc4 Nc2 17. Be3 Nxa1 18. Rxa1 e5 19. dxe5 Nxe5 20. b3 Nd7 21. f4 f6
22. Rxa7 Rxa7 23. Bxa7 Bc5 24. Bxc5 Nxc5 25. b4 Ne6 26. Ke3 g5 27. Ne2 gxf4+ 28.
Nxf4 Nxf4 29. Kxf4 Ke7 30. e5 Ra8 31. Kf5 fxe5 32. b5 Ra2 33. Be4 Kd6 34. Kg6
Ra4 35. bxc6 bxc6 36. Kxg7 Rxc4 37. Bf5 e4 0-1

[Event "Bunratty Masters 2015"]
[Site "Bunratty IRL"]
[Date "2015.02.22"]
[Round "5.7"]
[White "Heidenfeld, Mark"]
[Black "Tunka, Philipp"]
[Result "1/2-1/2"]
[WhiteTitle "IM"]
[WhiteElo "2376"]
[BlackElo "2010"]
[WhiteFideId "2500990"]
[BlackFideId "4638867"]
[EventDate "2015.02.20"]

1. e4 c5 2. Nf3 Nc6 3. Bb5 g6 4. O-O Bg7 5. Re1 Nf6 6. e5 Nd5 7. Nc3 Nc7 8. Bxc6
dxc6 9. Ne4 Ne6 10. d3 O-O 11. Be3 b6 12. Qd2 Nd4 13. Nxd4 cxd4 14. Bh6 Qd5 15.
Bxg7 Kxg7 16. Qg5 Qe6 17. f4 f6 18. Qh4 Qg4 19. exf6+ exf6 20. Qxg4 Bxg4 21. h3
Be6 22. Nd6 Bf7 23. Re7 Rad8 24. Nc4 Rfe8 25. Rxa7 b5 26. Na5 c5 27. Kf2 Ra8 28.
Rxa8 Rxa8 29. Nb7 c4 30. Nd6 cxd3 31. cxd3 Bxa2 32. Nxb5 Rb8 33. Rxa2 Rxb5 34.
Ra4 Rxb2+ 35. Kf3 f5 36. Rxd4 h5 37. Rd7+ Kf6 38. Rd6+ Kf7 39. g4 hxg4+ 40. hxg4
fxg4+ 41. Kxg4 Rg2+ 42. Kf3 Rg1 43. Rd5 Kf6 44. Ra5 Rf1+ 45. Ke3 Re1+ 46. Kf2
Rd1 47. Ke2 Rh1 48. Rg5 Rh3 49. d4 Ra3 50. Re5 Rg3 51. Re3 Rg1 52. Re5 Rg3 53.
d5 g5 54. d6 gxf4 55. d7 Kxe5 56. d8=Q Re3+ 57. Kf2 Kf5 58. Qd7+ Ke5 59. Qc8 Rg3
60. Ke2 Re3+ 61. Kd2 Rg3 62. Qc5+ Ke4 63. Qc4+ Ke5 64. Ke2 Re3+ 65. Kf2 Rg3 66.
Qc5+ Ke4 67. Qd6 Rf3+ 68. Ke2 Re3+ 69. Kd2 Rg3 70. Qe6+ Kd4 71. Qf5 Rg2+ 72. Ke1
Ke3 73. Qe5+ Kf3 74. Qd5+ Kg3 75. Kf1 Rf2+ 76. Kg1 Re2 77. Qa5 f3 78. Qg5+ Kh3
79. Qf4 f2+ 80. Kf1 Re1+ 81. Kxf2 Rf1+ 82. Kxf1 1/2-1/2

[Event "Bunratty Masters 2015"]
[Site "Bunratty IRL"]
[Date "2015.02.22"]
[Round "5.8"]
[White "Hayes, Peter J."]
[Black "Pein, Malcolm"]
[Result "1/2-1/2"]
[BlackTitle "IM"]
[WhiteElo "2099"]
[BlackElo "2344"]
[WhiteFideId "2502569"]
[BlackFideId "400289"]
[EventDate "2015.02.20"]

1. d4 Nf6 2. c4 c5 3. d5 d6 4. Nc3 g6 5. g3 Bg7 6. Bg2 O-O 7. Nf3 e6 8. O-O exd5
9. cxd5 Re8 10. Nd2 a6 11. a4 Nbd7 12. h3 Rb8 13. Nc4 Nb6 14. Ne3 Bd7 15. Qd3
Qe7 16. Bd2 Nc8 17. a5 Na7 18. Rfe1 Nb5 19. Nc4 Nxc3 20. Bxc3 Bb5 21. b3 Bxc4
22. Qxc4 Ne4 23. Bxg7 Kxg7 24. Bxe4 Qxe4 25. Ra4 f5 26. Qxe4 Rxe4 27. Rxe4 fxe4
28. f4 b6 29. Ra1 bxa5 30. Rxa5 Rxb3 31. Kf2 Kf6 32. Rxa6 Ke7 33. Ra7+ Kd8 34.
Rxh7 c4 35. Ra7 c3 36. Ra2 Kc7 37. Rc2 Kb6 38. Ke3 Kc5 39. Kxe4 Kc4 40. e3 Rb2
41. Rc1 c2 42. f5 gxf5+ 43. Kxf5 Kd3 44. e4 Rb1 45. Rxc2 Kxc2 46. e5 Rf1+ 47.
Ke6 dxe5 48. Kxe5 Re1+ 49. Kf6 Rf1+ 50. Ke7 Re1+ 1/2-1/2

[Event "Bunratty Masters 2015"]
[Site "Bunratty IRL"]
[Date "2015.02.22"]
[Round "5.9"]
[White "Smith, Andrew Philip"]
[Black "Bourached, Anthony"]
[Result "1-0"]
[WhiteTitle "FM"]
[WhiteElo "2150"]
[BlackElo "1963"]
[WhiteFideId "2500833"]
[BlackFideId "2504456"]
[EventDate "2015.02.20"]

1. d4 Nf6 2. Nf3 e6 3. Bg5 d5 4. e3 Be7 5. Nbd2 O-O 6. Bd3 c5 7. c3 b6 8. Qe2
Nc6 9. Ne5 Nxe5 10. dxe5 Nd7 11. Bxe7 Qxe7 12. f4 f6 13. exf6 Qxf6 14. O-O e5
15. fxe5 Qxe5 16. Nf3 Qe7 17. e4 c4 18. Bc2 Bb7 19. e5 Rae8 20. Rae1 Nc5 21. Nd4
Bc8 22. Qe3 Rxf1+ 23. Kxf1 Qh4 24. Kg1 Ne6 25. Nb5 Qg5 26. Qxg5 Nxg5 27. Nxa7
Bd7 28. a4 g6 29. Nb5 Bxb5 30. axb5 Ne6 31. Rd1 Nc7 32. Re1 Re6 33. Ba4 Re8 34.
b3 Ra8 35. Kf2 Kf7 36. Ke3 Ke6 37. Kf4 cxb3 38. Bxb3 Nxb5 39. c4 Nc7 40. cxd5+
Nxd5+ 41. Ke4 1-0

[Event "Bunratty Masters 2015"]
[Site "Bunratty IRL"]
[Date "2015.02.22"]
[Round "5.10"]
[White "Hebden, Mark L"]
[Black "Benson, Oisin P."]
[Result "1-0"]
[WhiteTitle "GM"]
[WhiteElo "2491"]
[BlackElo "2019"]
[WhiteFideId "400084"]
[BlackFideId "2501821"]
[EventDate "2015.02.20"]

1. d4 Nf6 2. Bg5 e6 3. c3 h6 4. Bf4 c5 5. e3 d5 6. Nd2 Be7 7. Bd3 O-O 8. h3 c4
9. Bc2 b5 10. g4 Ne8 11. h4 Bxh4 12. Ngf3 g5 13. Nxh4 gxf4 14. exf4 Ng7 15. Nhf3
Qf6 16. g5 Qxf4 17. Rh4 Qc7 18. Rxh6 Nf5 19. Bxf5 exf5 20. Ne5 Re8 21. Qh5 Kf8
22. Rh8+ 1-0